Risultati del Napoli in UEFA Champions League 2011-2012 - Statistics

Statistiche generali
  • Questo quiz è stato fatto 11 volte
  • Il punteggio medio è 5 su 8
Statistiche sulle risposte
Hint Risposta % Corretto
Chelsea - Napoli 4-1 d.t.s. (3-1)
78%
Villarreal - Napoli 0-2
67%
Napoli - Chelsea 3-1
67%
Bayern Monaco - Napoli 3-2
67%
Manchester City - Napoli 1-1
56%
Napoli - Villarreal 2-0
56%
Napoli - Manchester City 2-1
56%
Napoli - Bayern Monaco 1-1
44%
Nessun quiz corrispondente trovato
Distribuzione punteggi
Percentuale di utenti per punteggio
Percentile per numero di risposta
I tuoi punteggi nel tempo
Non hai fatto questo quiz